[Event "WCO 2016"]
[Site "?"]
[Date "2016.09.13"]
[Round "11"]
[Board "1"]
[WhiteID "12401137"]
[White "Le Quang Liem"]
[BlackID "8601429"]
[Black "Wang Yue"]
[Result "1/2-1/2"]
[BlackElo "2737"]
[WhiteElo "2723"]
[LiveChessVersion "1.4.8"]

1. d4 {[%clk 1:30:57]} Nf6 {[%clk 1:30:55]} 2. c4 {[%clk 1:31:11]} e6
{[%clk 1:31:19]} 3. Nc3 {[%clk 1:31:16]} Bb4 {[%clk 1:31:42]} 4. Qc2
{[%clk 1:31:16]} O-O {[%clk 1:31:33]} 5. a3 {[%clk 1:31:29]} Bxc3+
{[%clk 1:31:51]} 6. Qxc3 {[%clk 1:31:52]} d5 {[%clk 1:32:13]} 7. e3
{[%clk 1:30:06]} b6 {[%clk 1:28:20]} 8. Nf3 {[%clk 1:30:22]} Bb7 {[%clk 1:24:32]}
9. Be2 {[%clk 1:30:19]} dxc4 {[%clk 1:15:22]} 10. Qxc4 {[%clk 1:29:49]} Ba6
{[%clk 1:05:48]} 11. Qc2 {[%clk 1:29:58]} Bxe2 {[%clk 0:55:31]} 12. Qxe2
{[%clk 1:30:09]} c5 {[%clk 0:55:22]} 13. dxc5 {[%clk 1:26:50]} bxc5
{[%clk 0:55:46]} 14. O-O {[%clk 1:26:14]} Qb6 {[%clk 0:52:17]} 15. Rb1
{[%clk 1:22:05]} Nbd7 {[%clk 0:48:38]} 16. Bd2 {[%clk 1:22:00]} Rab8
{[%clk 0:48:44]} 17. Rfc1 {[%clk 1:21:39]} Qb5 {[%clk 0:48:00]} 18. Qxb5
{[%clk 1:17:45]} Rxb5 {[%clk 0:48:21]} 19. b4 {[%clk 1:18:09]} Rb7
{[%clk 0:40:54]} 20. Kf1 {[%clk 1:15:06]} Rfb8 {[%clk 0:39:01]} 21. Ra1
{[%clk 1:15:04]} Ne4 {[%clk 0:35:49]} 22. Be1 {[%clk 1:14:45]} f5
{[%clk 0:20:01]} 23. Rc2 {[%clk 1:08:25]} g5 {[%clk 0:18:27]} 24. Ng1
{[%clk 0:52:08]} cxb4 {[%clk 0:16:17]} 25. axb4 {[%clk 0:52:05]} Nb6
{[%clk 0:13:02]} 26. Nf3 {[%clk 0:44:13]} Nd5 {[%clk 0:13:24]} 27. Nd4
{[%clk 0:44:22]} Nxb4 {[%clk 0:13:08]} 28. Bxb4 {[%clk 0:43:33]} Rxb4
{[%clk 0:13:33]} 29. f3 {[%clk 0:40:00]} Nf6 {[%clk 0:11:08]} 30. Nxe6
{[%clk 0:39:54]} Nd5 {[%clk 0:10:06]} 31. Kf2 {[%clk 0:36:28]} Rb2
{[%clk 0:09:30]} 32. Ra2 {[%clk 0:36:19]} Nxe3 {[%clk 0:06:10]} 33. Kxe3
{[%clk 0:35:26]} Rxc2 {[%clk 0:04:49]} 34. Rxc2 {[%clk 0:35:43]} Re8
{[%clk 0:05:18]} 35. Rc6 {[%clk 0:35:52]} Kf7 {[%clk 0:05:45]} 36. Rc7+
{[%clk 0:36:00]} Kg6 {[%clk 0:05:05]} 37. Rg7+ {[%clk 0:35:32]} Kh6
{[%clk 0:02:53]} 38. Rxg5 {[%clk 0:31:05]} Rxe6+ {[%clk 0:03:15]} 39. Kf4
{[%clk 0:31:29]} Rg6 {[%clk 0:01:54]} 40. Rxf5 {[%clk 1:01:35]} Rxg2
{[%clk 0:32:16]} 41. Ra5 {[%clk 1:01:45]} Rxh2 {[%clk 0:31:54]} 42. Ra6+
{[%clk 1:01:13]} Kg7 {[%clk 0:29:06]} 43. Rxa7+ {[%clk 0:58:18]} Kf8
{[%clk 0:25:13]} 44. Kg5 {[%clk 0:58:03]} Rg2+ {[%clk 0:21:53]} 1/2-1/2

[Event "WCO 2016"]
[Site "?"]
[Date "2016.09.13"]
[Round "11"]
[Board "3"]
[WhiteID "12401269"]
[White "Nguyen Huynh Minh Huy"]
[BlackID "8603820"]
[Black "Yu Yangyi"]
[Result "1/2-1/2"]
[BlackElo "2725"]
[WhiteElo "2435"]
[LiveChessVersion "1.4.8"]

1. d4 {[%clk 1:30:44]} Nf6 {[%clk 1:30:51]} 2. Bf4 {[%clk 1:30:20]} b6
{[%clk 1:28:13]} 3. c4 {[%clk 1:29:46]} e6 {[%clk 1:27:27]} 4. a3
{[%clk 1:29:30]} Bb7 {[%clk 1:16:14]} 5. Nc3 {[%clk 1:29:06]} g6 {[%clk 1:13:53]}
6. h3 {[%clk 1:24:33]} Bg7 {[%clk 1:13:02]} 7. e3 {[%clk 1:24:36]} O-O
{[%clk 1:12:27]} 8. Nf3 {[%clk 1:24:23]} d5 {[%clk 1:10:53]} 9. cxd5
{[%clk 1:21:48]} Nxd5 {[%clk 1:09:07]} 10. Nxd5 {[%clk 1:21:05]} Bxd5
{[%clk 1:09:33]} 11. Qc2 {[%clk 1:19:09]} Bxf3 {[%clk 1:01:44]} 12. gxf3
{[%clk 1:19:29]} c5 {[%clk 1:02:11]} 13. dxc5 {[%clk 1:17:31]} bxc5
{[%clk 1:02:35]} 14. Be2 {[%clk 1:08:35]} Qa5+ {[%clk 0:58:19]} 15. Kf1
{[%clk 1:08:40]} Nd7 {[%clk 0:58:16]} 16. Kg2 {[%clk 1:04:34]} Nb6
{[%clk 0:57:57]} 17. Rab1 {[%clk 0:54:28]} Rac8 {[%clk 0:55:30]} 18. Rhd1
{[%clk 0:39:49]} c4 {[%clk 0:54:55]} 19. Qe4 {[%clk 0:37:17]} c3 {[%clk 0:48:06]}
20. bxc3 {[%clk 0:35:20]} Nd5 {[%clk 0:48:27]} 21. Be5 {[%clk 0:32:30]} Bxe5
{[%clk 0:43:09]} 22. Qxe5 {[%clk 0:32:57]} Rc5 {[%clk 0:36:25]} 23. Qd6
{[%clk 0:31:33]} Nxc3 {[%clk 0:35:22]} 24. Rb8 {[%clk 0:31:55]} Rxb8
{[%clk 0:33:17]} 25. Qxb8+ {[%clk 0:32:14]} Kg7 {[%clk 0:33:46]} 26. Qb2
{[%clk 0:31:12]} Qb6 {[%clk 0:26:04]} 27. Qa1 {[%clk 0:24:11]} h5
{[%clk 0:16:22]} 28. Rc1 {[%clk 0:11:29]} Qb3 {[%clk 0:11:03]} 29. f4
{[%clk 0:09:04]} e5 {[%clk 0:10:22]} 30. Bd1 {[%clk 0:07:37]} Qb7+
{[%clk 0:09:08]} 31. Bf3 {[%clk 0:07:56]} Qc7 {[%clk 0:09:37]} 32. fxe5
{[%clk 0:07:26]} Qxe5 {[%clk 0:10:03]} 33. Qb2 {[%clk 0:07:27]} Kh7
{[%clk 0:09:52]} 34. h4 {[%clk 0:06:12]} a5 {[%clk 0:07:29]} 35. Qd2
{[%clk 0:03:58]} Rc4 {[%clk 0:04:26]} 36. Qd8 {[%clk 0:03:01]} Kg7
{[%clk 0:03:15]} 37. Qd3 {[%clk 0:01:44]} Qc5 {[%clk 0:02:53]} 38. Rc2
{[%clk 0:01:34]} Qc8 {[%clk 0:01:27]} 39. Be2 {[%clk 0:01:16]} Qc6+
{[%clk 0:00:58]} 40. f3 {[%clk 0:30:51]} Rc5 {[%clk 0:31:05]} 41. Qd4+
{[%clk 0:30:10]} Kh7 {[%clk 0:29:34]} 42. Bd3 {[%clk 0:27:43]} Qc7
{[%clk 0:28:15]} 43. f4 {[%clk 0:16:48]} Qc6+ {[%clk 0:19:57]} 44. Kh2
{[%clk 0:16:51]} Qc7 {[%clk 0:19:38]} 45. Kg2 {[%clk 0:17:02]} Kg8
{[%clk 0:14:58]} 46. Kh2 {[%clk 0:16:21]} Rc6 {[%clk 0:13:28]} 47. Rc1
{[%clk 0:13:33]} Kf8 {[%clk 0:08:52]} 48. Rc2 {[%clk 0:11:09]} Kg8
{[%clk 0:08:43]} 49. Rc1 {[%clk 0:11:33]} Rc5 {[%clk 0:05:11]} 50. Rc2
{[%clk 0:11:47]} Rc6 {[%clk 0:05:37]} 51. Rc1 {[%clk 0:12:12]} Rc5
{[%clk 0:04:05]} 1/2-1/2

[Event "WCO 2016"]
[Site "?"]
[Date "2016.09.13"]
[Round "11"]
[Board "5"]
[WhiteID "3503240"]
[White "Dominguez Perez Leinier"]
[BlackID "1207822"]
[Black "Lupulescu Constantin"]
[Result "1-0"]
[BlackElo "2618"]
[WhiteElo "2720"]
[LiveChessVersion "1.4.8"]

1. e4 {[%clk 1:30:55]} c5 {[%clk 1:30:56]} 2. Nf3 {[%clk 1:31:16]} Nc6
{[%clk 1:31:23]} 3. d4 {[%clk 1:30:44]} cxd4 {[%clk 1:31:48]} 4. Nxd4
{[%clk 1:31:08]} Nf6 {[%clk 1:32:14]} 5. Nc3 {[%clk 1:31:33]} e5 {[%clk 1:32:41]}
6. Ndb5 {[%clk 1:31:54]} d6 {[%clk 1:33:06]} 7. Bg5 {[%clk 1:31:39]} a6
{[%clk 1:33:31]} 8. Na3 {[%clk 1:32:03]} b5 {[%clk 1:33:52]} 9. Nd5
{[%clk 1:32:01]} Be7 {[%clk 1:34:03]} 10. Bxf6 {[%clk 1:30:14]} Bxf6
{[%clk 1:34:29]} 11. c4 {[%clk 1:30:26]} b4 {[%clk 1:34:54]} 12. Nc2
{[%clk 1:30:50]} O-O {[%clk 1:35:12]} 13. g3 {[%clk 1:28:09]} a5 {[%clk 1:34:59]}
14. Bg2 {[%clk 1:27:04]} g6 {[%clk 1:27:05]} 15. O-O {[%clk 1:21:44]} Bg7
{[%clk 1:26:54]} 16. Qd3 {[%clk 1:10:36]} Rb8 {[%clk 1:24:47]} 17. b3
{[%clk 1:05:15]} Be6 {[%clk 1:17:48]} 18. Rfd1 {[%clk 0:44:18]} Qd7
{[%clk 1:13:35]} 19. Qe2 {[%clk 0:31:16]} Kh8 {[%clk 1:07:08]} 20. Rd3
{[%clk 0:28:54]} Rfd8 {[%clk 1:00:34]} 21. Rad1 {[%clk 0:28:26]} Qa7
{[%clk 0:45:49]} 22. h4 {[%clk 0:20:43]} h5 {[%clk 0:37:51]} 23. Nde3
{[%clk 0:18:03]} Qc5 {[%clk 0:37:05]} 24. Kh2 {[%clk 0:18:28]} Rb7
{[%clk 0:25:27]} 25. Bh3 {[%clk 0:15:41]} Re7 {[%clk 0:16:15]} 26. Kg2
{[%clk 0:15:09]} Nd4 {[%clk 0:13:18]} 27. Nxd4 {[%clk 0:14:52]} exd4
{[%clk 0:13:45]} 28. Bxe6 {[%clk 0:13:28]} dxe3 {[%clk 0:09:36]} 29. Bd5
{[%clk 0:13:28]} exf2 {[%clk 0:09:50]} 30. Rf3 {[%clk 0:13:56]} Rf8
{[%clk 0:06:43]} 31. Rxf2 {[%clk 0:06:41]} f5 {[%clk 0:06:25]} 32. Rdf1
{[%clk 0:05:55]} Qc8 {[%clk 0:06:00]} 33. Qd3 {[%clk 0:04:54]} Re5
{[%clk 0:05:02]} 34. exf5 {[%clk 0:04:15]} gxf5 {[%clk 0:04:02]} 35. Kh2
{[%clk 0:02:04]} Bh6 {[%clk 0:03:49]} 36. Bg2 {[%clk 0:02:09]} Qc5
{[%clk 0:03:35]} 37. Rf3 {[%clk 0:00:51]} f4 {[%clk 0:02:43]} 38. Qg6
{[%clk 0:00:53]} Bg7 {[%clk 0:01:33]} 39. Rxf4 {[%clk 0:01:11]} Rxf4
{[%clk 0:00:53]} 40. Rxf4 {[%clk 0:31:28]} Re2 {[%clk 0:31:03]} 41. Rf5
{[%clk 0:28:20]} 1-0

[Event "WCO 2016"]
[Site "?"]
[Date "2016.09.13"]
[Round "11"]
[Board "6"]
[WhiteID "1204297"]
[White "Parligras Mircea-Emilian"]
[BlackID "3504409"]
[Black "Quesada Perez Yuniesky"]
[Result "1/2-1/2"]
[BlackElo "2636"]
[WhiteElo "2595"]
[LiveChessVersion "1.4.8"]

1. d4 {[%clk 1:30:56]} d5 {[%clk 1:30:45]} 2. Nf3 {[%clk 1:30:02]} Nf6
{[%clk 1:30:55]} 3. c4 {[%clk 1:30:25]} e6 {[%clk 1:28:24]} 4. Nc3
{[%clk 1:30:27]} c6 {[%clk 1:28:49]} 5. e3 {[%clk 1:30:21]} Nbd7 {[%clk 1:29:03]}
6. Qc2 {[%clk 1:30:35]} Bd6 {[%clk 1:28:58]} 7. Be2 {[%clk 1:30:45]} O-O
{[%clk 1:27:02]} 8. O-O {[%clk 1:31:03]} dxc4 {[%clk 1:27:18]} 9. Bxc4
{[%clk 1:31:12]} b5 {[%clk 1:27:33]} 10. Be2 {[%clk 1:30:51]} Qe7
{[%clk 1:27:27]} 11. Ng5 {[%clk 1:17:33]} Bb7 {[%clk 1:26:28]} 12. Nce4
{[%clk 1:15:14]} Bc7 {[%clk 1:18:41]} 13. Bd2 {[%clk 1:10:24]} Nxe4
{[%clk 0:56:05]} 14. Nxe4 {[%clk 1:10:48]} f5 {[%clk 0:56:20]} 15. Nc5
{[%clk 1:08:59]} Nxc5 {[%clk 0:56:38]} 16. dxc5 {[%clk 1:05:19]} a5
{[%clk 0:52:19]} 17. a3 {[%clk 0:57:30]} e5 {[%clk 0:40:56]} 18. e4
{[%clk 0:48:48]} f4 {[%clk 0:39:30]} 19. Bg4 {[%clk 0:47:53]} Bc8
{[%clk 0:38:26]} 20. Bxc8 {[%clk 0:47:55]} Raxc8 {[%clk 0:38:39]} 21. f3
{[%clk 0:47:50]} Rcd8 {[%clk 0:33:17]} 22. b4 {[%clk 0:47:19]} a4
{[%clk 0:29:58]} 23. Rfd1 {[%clk 0:46:00]} Rd7 {[%clk 0:28:49]} 24. Bc3
{[%clk 0:44:39]} Rfd8 {[%clk 0:29:00]} 25. h3 {[%clk 0:40:09]} Qe6
{[%clk 0:27:42]} 26. Rxd7 {[%clk 0:39:53]} Qxd7 {[%clk 0:27:30]} 27. Kf1
{[%clk 0:38:43]} h6 {[%clk 0:25:29]} 28. Ke2 {[%clk 0:38:30]} Qe6
{[%clk 0:24:15]} 29. Qa2 {[%clk 0:38:50]} Qxa2+ {[%clk 0:23:32]} 30. Rxa2
{[%clk 0:39:15]} Kf7 {[%clk 0:23:47]} 31. Rd2 {[%clk 0:39:30]} Rxd2+
{[%clk 0:24:08]} 32. Kxd2 {[%clk 0:39:47]} h5 {[%clk 0:24:23]} 33. Ke2
{[%clk 0:39:59]} h4 {[%clk 0:24:43]} 34. Kd3 {[%clk 0:40:23]} 1/2-1/2

[Event "WCO 2016"]
[Site "?"]
[Date "2016.09.13"]
[Round "11"]
[Board "7"]
[WhiteID "3507165"]
[White "Ortiz Suarez Isan Reynaldo"]
[BlackID "1226380"]
[Black "Deac Bogdan-Daniel"]
[Result "1/2-1/2"]
[BlackElo "2524"]
[WhiteElo "2581"]
[LiveChessVersion "1.4.8"]

1. e4 {[%clk 1:30:57]} e5 {[%clk 1:30:59]} 2. Nf3 {[%clk 1:31:17]} Nc6
{[%clk 1:31:25]} 3. Bc4 {[%clk 1:31:37]} Bc5 {[%clk 1:31:48]} 4. O-O
{[%clk 1:31:52]} Nf6 {[%clk 1:32:17]} 5. d3 {[%clk 1:32:14]} O-O {[%clk 1:32:41]}
6. a4 {[%clk 1:29:59]} a5 {[%clk 1:25:34]} 7. c3 {[%clk 1:29:46]} d6
{[%clk 1:25:49]} 8. h3 {[%clk 1:26:18]} Be6 {[%clk 1:16:45]} 9. Nbd2
{[%clk 1:25:13]} d5 {[%clk 1:00:36]} 10. Bb5 {[%clk 1:20:06]} dxe4
{[%clk 0:51:23]} 11. dxe4 {[%clk 1:19:35]} Nd7 {[%clk 0:51:27]} 12. Qe2
{[%clk 1:01:52]} f6 {[%clk 0:48:57]} 13. Nc4 {[%clk 0:52:21]} Nb6
{[%clk 0:49:00]} 14. Be3 {[%clk 0:46:08]} Bxe3 {[%clk 0:43:38]} 15. Nxe3
{[%clk 0:46:31]} Na7 {[%clk 0:39:54]} 16. Rfd1 {[%clk 0:41:43]} Qe7
{[%clk 0:40:11]} 17. Bd3 {[%clk 0:37:27]} Rfd8 {[%clk 0:37:41]} 18. Nd2
{[%clk 0:37:25]} Qf7 {[%clk 0:31:41]} 19. Bc2 Rd7 {[%clk 0:30:41]} 20. Ndf1
{[%clk 0:29:19]} Rad8 {[%clk 0:30:49]} 21. Rxd7 {[%clk 0:29:32]} Rxd7
{[%clk 0:31:09]} 22. Rd1 {[%clk 0:29:25]} Rxd1 23. Qxd1 {[%clk 0:28:33]} Qd7
{[%clk 0:23:35]} 24. Bb3 {[%clk 0:24:21]} Bxb3 {[%clk 0:22:32]} 25. Qxb3+
{[%clk 0:24:44]} Kf8 {[%clk 0:22:58]} 26. Qa3+ {[%clk 0:24:52]} Qe7
{[%clk 0:23:21]} 27. Qa2 {[%clk 0:24:25]} Qd7 {[%clk 0:23:38]} 28. b3
{[%clk 0:22:17]} Nac8 29. Qc2 {[%clk 0:21:19]} Nd6 {[%clk 0:22:39]} 30. Nd2
{[%clk 0:14:01]} Qc6 {[%clk 0:22:22]} 31. Kh2 {[%clk 0:12:28]} Nd7
{[%clk 0:21:04]} 32. f3 {[%clk 0:09:52]} Nc5 33. Nd5 Qd7 {[%clk 0:12:29]} 34. Qd1
{[%clk 0:06:07]} b6 {[%clk 0:12:11]} 35. Qe2 {[%clk 0:05:58]} Qd8
{[%clk 0:12:12]} 36. g3 c6 {[%clk 0:12:23]} 37. Ne3 {[%clk 0:05:13]} Nc8
{[%clk 0:10:14]} 38. Kg2 Ne7 {[%clk 0:07:41]} 39. h4 {[%clk 0:04:49]} b5
{[%clk 0:07:15]} 40. axb5 {[%clk 0:33:29]} cxb5 {[%clk 0:37:39]} 41. Nb1
{[%clk 0:27:08]} Qd3 {[%clk 0:35:42]} 42. Qxd3 {[%clk 0:27:09]} Nxd3
{[%clk 0:36:07]} 43. Na3 {[%clk 0:27:24]} b4 {[%clk 0:34:58]} 44. cxb4
{[%clk 0:27:45]} axb4 {[%clk 0:35:20]} 45. Nac2 {[%clk 0:27:55]} Nc6
{[%clk 0:35:32]} 46. Nd5 {[%clk 0:28:02]} Nc5 {[%clk 0:35:57]} 47. Ndxb4
{[%clk 0:28:12]} Nxb4 {[%clk 0:36:19]} 48. Nxb4 {[%clk 0:28:39]} Nxb3
{[%clk 0:36:37]} 49. Kf2 {[%clk 0:28:17]} Kf7 {[%clk 0:36:29]} 50. Ke3
{[%clk 0:28:35]} Nc5 {[%clk 0:36:54]} 51. Nd3 {[%clk 0:28:50]} Ne6
{[%clk 0:37:02]} 52. f4 {[%clk 0:29:09]} exf4+ {[%clk 0:37:17]} 53. gxf4
{[%clk 0:29:35]} g6 {[%clk 0:37:18]} 1/2-1/2

[Event "WCO 2016"]
[Site "?"]
[Date "2016.09.13"]
[Round "11"]
[Board "8"]
[WhiteID "1200020"]
[White "Marin Mihail"]
[BlackID "3503321"]
[Black "Gonzalez Vidal Yuri"]
[Result "1-0"]
[BlackElo "2553"]
[WhiteElo "2572"]
[LiveChessVersion "1.4.8"]

1. Nf3 {[%clk 1:30:57]} Nf6 {[%clk 1:30:38]} 2. c4 {[%clk 1:31:21]} e6
{[%clk 1:30:51]} 3. g3 {[%clk 1:31:43]} d5 {[%clk 1:31:06]} 4. d4
{[%clk 1:31:56]} Bb4+ {[%clk 1:30:40]} 5. Bd2 {[%clk 1:32:12]} Bd6
{[%clk 1:28:40]} 6. Nc3 {[%clk 1:30:41]} O-O {[%clk 1:28:38]} 7. Qc2
{[%clk 1:30:36]} Nbd7 {[%clk 1:21:06]} 8. c5 {[%clk 1:21:50]} Be7
{[%clk 1:21:04]} 9. b4 {[%clk 1:17:23]} c6 {[%clk 1:16:51]} 10. Bg2
{[%clk 0:55:23]} a5 {[%clk 0:59:48]} 11. b5 {[%clk 0:48:32]} e5 {[%clk 0:52:50]}
12. dxe5 {[%clk 0:42:06]} Ng4 {[%clk 0:52:20]} 13. O-O {[%clk 0:42:23]} Ngxe5
{[%clk 0:43:57]} 14. Nxe5 {[%clk 0:40:43]} Nxe5 {[%clk 0:44:16]} 15. Bf4
{[%clk 0:40:33]} Nc4 {[%clk 0:27:26]} 16. Rad1 {[%clk 0:39:08]} Be6
{[%clk 0:27:22]} 17. e4 {[%clk 0:26:30]} d4 {[%clk 0:22:46]} 18. bxc6
{[%clk 0:17:53]} bxc6 {[%clk 0:23:05]} 19. Nd5 {[%clk 0:12:44]} cxd5
{[%clk 0:20:24]} 20. exd5 {[%clk 0:13:10]} Na3 {[%clk 0:11:26]} 21. Qa4
{[%clk 0:09:06]} Nb1 {[%clk 0:07:21]} 22. dxe6 {[%clk 0:08:01]} Nc3
{[%clk 0:07:45]} 23. exf7+ {[%clk 0:08:09]} Rxf7 {[%clk 0:06:02]} 24. Qc4
{[%clk 0:08:25]} Rc8 {[%clk 0:06:06]} 25. c6 {[%clk 0:08:08]} Nxd1
{[%clk 0:03:55]} 26. Rxd1 {[%clk 0:07:00]} Kf8 {[%clk 0:04:10]} 27. c7
{[%clk 0:06:24]} Qd7 {[%clk 0:03:42]} 28. Rxd4 {[%clk 0:05:11]} Qf5
{[%clk 0:04:10]} 29. Be4 {[%clk 0:05:30]} Qf6 {[%clk 0:03:39]} 30. Bd5
{[%clk 0:04:40]} g5 {[%clk 0:02:48]} 31. Be3 {[%clk 0:03:21]} h6 {[%clk 0:00:40]}
32. Bb7 {[%clk 0:02:02]} Qf5 {[%clk 0:00:35]} 33. Bxc8 {[%clk 0:02:27]} Qxc8
{[%clk 0:01:01]} 34. Qc6 {[%clk 0:02:42]} Bf6 {[%clk 0:00:54]} 35. Qxf6
{[%clk 0:02:27]} 1-0

[Event "WCO 2016"]
[Site "?"]
[Date "2016.09.13"]
[Round "11"]
[Board "9"]
[WhiteID "14508150"]
[White "Saric Ivan"]
[BlackID "13900048"]
[Black "Bologan Victor"]
[Result "1-0"]
[BlackElo "2648"]
[WhiteElo "2668"]
[LiveChessVersion "1.4.8"]

1. e4 {[%clk 1:30:58]} g6 {[%clk 1:30:53]} 2. d4 {[%clk 1:31:24]} Bg7
{[%clk 1:31:19]} 3. Nc3 {[%clk 1:31:49]} c6 {[%clk 1:31:46]} 4. f4
{[%clk 1:31:22]} Qb6 {[%clk 1:31:50]} 5. Nf3 {[%clk 1:31:29]} Nh6
{[%clk 1:32:09]} 6. Be2 {[%clk 1:19:54]} d5 {[%clk 1:32:12]} 7. e5
{[%clk 1:20:16]} Bg4 {[%clk 1:32:32]} 8. O-O {[%clk 1:17:16]} Bxf3
{[%clk 1:16:37]} 9. Rxf3 {[%clk 1:10:18]} Nf5 {[%clk 1:16:42]} 10. Rd3
{[%clk 1:10:16]} h5 {[%clk 1:12:46]} 11. b4 {[%clk 0:58:56]} Nd7 {[%clk 1:12:10]}
12. Rb1 {[%clk 0:58:13]} e6 {[%clk 1:00:15]} 13. g3 {[%clk 0:47:38]} Qc7
{[%clk 0:58:35]} 14. Na4 {[%clk 0:43:41]} b5 {[%clk 0:55:50]} 15. Nc5
{[%clk 0:44:00]} a5 {[%clk 0:55:19]} 16. a4 {[%clk 0:36:34]} axb4
{[%clk 0:45:31]} 17. Nxd7 {[%clk 0:36:52]} Kxd7 {[%clk 0:45:48]} 18. axb5
{[%clk 0:37:13]} c5 {[%clk 0:45:55]} 19. dxc5 {[%clk 0:32:14]} Qxc5+
{[%clk 0:46:06]} 20. Kf1 {[%clk 0:29:57]} Ra2 {[%clk 0:25:49]} 21. b6
{[%clk 0:22:49]} h4 {[%clk 0:19:12]} 22. gxh4 {[%clk 0:18:28]} Rxh4
{[%clk 0:16:14]} 23. h3 {[%clk 0:18:42]} Bh6 {[%clk 0:07:00]} 24. b7
{[%clk 0:18:21]} Kc7 {[%clk 0:07:13]} 25. Bg4 {[%clk 0:17:27]} Kb8
{[%clk 0:03:45]} 26. Bd2 {[%clk 0:17:42]} Bf8 {[%clk 0:01:21]} 27. Bxb4
{[%clk 0:15:16]} Ne3+ {[%clk 0:00:51]} 28. Rxe3 {[%clk 0:15:39]} Qc4+
{[%clk 0:00:37]} 29. Qe2 {[%clk 0:13:24]} Qxf4+ {[%clk 0:00:44]} 30. Rf3
{[%clk 0:13:47]} Rxg4 {[%clk 0:00:36]} 31. hxg4 {[%clk 0:14:02]} Qh6
{[%clk 0:00:37]} 32. Bxf8 {[%clk 0:12:24]} Qh1+ {[%clk 0:00:52]} 33. Kf2
{[%clk 0:12:51]} Qxb1 {[%clk 0:01:00]} 34. Rxf7 {[%clk 0:12:12]} 1-0

[Event "WCO 2016"]
[Site "?"]
[Date "2016.09.13"]
[Round "11"]
[Board "10"]
[WhiteID "13900200"]
[White "Iordachescu Viorel"]
[BlackID "14502569"]
[Black "Stevic Hrvoje"]
[Result "1-0"]
[BlackElo "2608"]
[WhiteElo "2584"]
[LiveChessVersion "1.4.8"]

1. c4 {[%clk 1:29:23]} Nf6 {[%clk 1:28:24]} 2. g3 {[%clk 1:29:20]} g6
{[%clk 1:28:09]} 3. Bg2 {[%clk 1:29:26]} Bg7 {[%clk 1:28:33]} 4. Nf3
{[%clk 1:29:21]} O-O {[%clk 1:28:51]} 5. O-O {[%clk 1:29:28]} d6 {[%clk 1:29:15]}
6. d4 {[%clk 1:29:10]} c5 {[%clk 1:28:45]} 7. Nc3 {[%clk 1:23:33]} Nc6
{[%clk 1:28:59]} 8. d5 {[%clk 1:23:03]} Na5 {[%clk 1:29:22]} 9. Nd2
{[%clk 1:23:19]} e5 {[%clk 1:26:10]} 10. b3 {[%clk 1:19:29]} Ng4 {[%clk 1:25:04]}
11. h3 {[%clk 1:14:37]} Nh6 {[%clk 1:24:31]} 12. e4 {[%clk 1:13:49]} f5
{[%clk 1:24:29]} 13. exf5 {[%clk 1:13:54]} gxf5 {[%clk 1:24:27]} 14. Bb2
{[%clk 1:13:08]} Bd7 {[%clk 1:13:12]} 15. Qe2 {[%clk 1:02:15]} a6
{[%clk 1:06:35]} 16. Rae1 {[%clk 0:59:01]} Rb8 {[%clk 0:59:24]} 17. Nd1
{[%clk 0:58:10]} b5 {[%clk 0:59:04]} 18. Bc3 {[%clk 0:56:38]} b4 {[%clk 0:56:08]}
19. Ba1 {[%clk 0:54:42]} Qg5 {[%clk 0:52:21]} 20. f4 {[%clk 0:41:27]} Qxg3
{[%clk 0:42:29]} 21. fxe5 {[%clk 0:41:24]} Rbe8 {[%clk 0:37:53]} 22. Qf2
{[%clk 0:35:38]} Qxf2+ {[%clk 0:33:26]} 23. Nxf2 {[%clk 0:35:49]} Rxe5
{[%clk 0:15:17]} 24. Rxe5 {[%clk 0:34:33]} dxe5 {[%clk 0:15:06]} 25. Nd3
{[%clk 0:34:43]} Nb7 {[%clk 0:14:34]} 26. Nxe5 {[%clk 0:32:26]} Bc8
{[%clk 0:15:00]} 27. Ndf3 {[%clk 0:25:49]} Re8 {[%clk 0:14:31]} 28. Rd1
{[%clk 0:19:43]} Nd6 {[%clk 0:08:28]} 29. Nd3 {[%clk 0:19:51]} Nb7
{[%clk 0:08:19]} 30. Ng5 {[%clk 0:16:26]} Bxa1 {[%clk 0:05:55]} 31. Rxa1
{[%clk 0:16:51]} Re2 {[%clk 0:02:17]} 32. Ne6 {[%clk 0:16:29]} Bxe6
{[%clk 0:02:27]} 33. dxe6 {[%clk 0:16:54]} Rd2 {[%clk 0:02:28]} 34. e7
{[%clk 0:15:08]} Nd6 {[%clk 0:01:51]} 35. Nxc5 {[%clk 0:12:33]} a5
{[%clk 0:01:40]} 36. Re1 {[%clk 0:12:12]} Ne8 {[%clk 0:01:41]} 37. Bc6
{[%clk 0:10:51]} Kf7 {[%clk 0:02:07]} 38. Nb7 {[%clk 0:10:53]} 1-0

[Event "WCO 2016"]
[Site "?"]
[Date "2016.09.13"]
[Round "11"]
[Board "11"]
[WhiteID "14502879"]
[White "Kozul Zdenko"]
[BlackID "13900463"]
[Black "Svetushkin Dmitry"]
[Result "1-0"]
[BlackElo "2543"]
[WhiteElo "2622"]
[LiveChessVersion "1.4.8"]

1. Nf3 {[%clk 1:30:54]} d5 {[%clk 1:30:47]} 2. g3 {[%clk 1:31:09]} c6
{[%clk 1:31:11]} 3. Bg2 {[%clk 1:31:04]} Bg4 {[%clk 1:31:33]} 4. O-O
{[%clk 1:30:32]} Nf6 {[%clk 1:29:17]} 5. d3 {[%clk 1:29:30]} Nbd7
{[%clk 1:29:22]} 6. Nbd2 {[%clk 1:29:23]} e5 {[%clk 1:29:27]} 7. e4
{[%clk 1:28:31]} dxe4 {[%clk 1:29:39]} 8. dxe4 {[%clk 1:28:54]} Bc5
{[%clk 1:29:41]} 9. h3 {[%clk 1:26:17]} Bh5 {[%clk 1:29:51]} 10. Qe1
{[%clk 1:24:07]} O-O {[%clk 1:29:52]} 11. Nb3 {[%clk 1:23:19]} Bb6
{[%clk 1:30:01]} 12. a4 {[%clk 1:23:32]} a5 {[%clk 1:29:35]} 13. Be3
{[%clk 1:22:08]} Bxf3 {[%clk 1:17:23]} 14. Bxf3 {[%clk 1:21:31]} Bxe3
{[%clk 1:17:02]} 15. Qxe3 {[%clk 1:21:54]} Qc7 {[%clk 1:17:26]} 16. Rfd1
{[%clk 1:19:45]} Rfd8 {[%clk 1:12:57]} 17. h4 {[%clk 1:01:05]} b6
{[%clk 1:09:57]} 18. Be2 {[%clk 0:46:11]} Nf8 {[%clk 0:58:55]} 19. Rxd8
{[%clk 0:44:05]} Rxd8 {[%clk 0:59:09]} 20. c3 {[%clk 0:40:41]} Ne8
{[%clk 0:52:52]} 21. Nd2 {[%clk 0:39:21]} Nd6 {[%clk 0:48:53]} 22. b4
{[%clk 0:37:29]} Nd7 {[%clk 0:35:22]} 23. bxa5 {[%clk 0:22:14]} bxa5
{[%clk 0:34:08]} 24. Rb1 {[%clk 0:22:40]} Rb8 {[%clk 0:29:53]} 25. Rd1
{[%clk 0:18:49]} Nb6 {[%clk 0:22:59]} 26. h5 {[%clk 0:13:17]} h6 {[%clk 0:21:57]}
27. Nf3 {[%clk 0:12:33]} f6 {[%clk 0:12:24]} 28. Qc5 {[%clk 0:11:25]} Nb7
{[%clk 0:10:30]} 29. Qa3 {[%clk 0:11:42]} c5 {[%clk 0:05:39]} 30. Nh4
{[%clk 0:01:22]} Nd6 {[%clk 0:05:29]} 31. Bg4 {[%clk 0:01:45]} Qc6
{[%clk 0:02:46]} 32. Qa2+ {[%clk 0:02:11]} c4 {[%clk 0:02:49]} 33. Be6+
{[%clk 0:01:43]} Kh8 {[%clk 0:02:09]} 34. Ng6+ {[%clk 0:01:26]} Kh7
{[%clk 0:02:37]} 35. Ne7 {[%clk 0:01:45]} Qc7 {[%clk 0:01:22]} 36. Bf5+
{[%clk 0:01:50]} Nxf5 {[%clk 0:01:28]} 37. Nxf5 {[%clk 0:02:15]} Rd8
{[%clk 0:01:06]} 38. Rb1 {[%clk 0:02:29]} Nc8 {[%clk 0:00:56]} 39. Qe2
{[%clk 0:00:38]} Nd6 {[%clk 0:01:13]} 40. Nh4 {[%clk 0:30:35]} Qc6
{[%clk 0:30:51]} 41. Rd1 {[%clk 0:26:56]} Qxa4 {[%clk 0:26:06]} 42. Qg4
{[%clk 0:25:40]} Qe8 {[%clk 0:25:57]} 43. Qg6+ {[%clk 0:24:37]} Qxg6
{[%clk 0:24:47]} 44. hxg6+ {[%clk 0:25:02]} Kg8 {[%clk 0:24:41]} 45. Nf5
{[%clk 0:25:11]} Nb7 {[%clk 0:22:55]} 46. Rb1 {[%clk 0:24:48]} Rd7
{[%clk 0:19:57]} 47. Rb6 {[%clk 0:19:08]} Kf8 {[%clk 0:19:45]} 48. Ra6
{[%clk 0:14:38]} Ke8 {[%clk 0:19:33]} 49. Ra8+ {[%clk 0:10:56]} Rd8
{[%clk 0:19:04]} 50. Nxg7+ {[%clk 0:09:13]} Kd7 {[%clk 0:18:38]} 51. Ra6
{[%clk 0:09:22]} Nc5 {[%clk 0:10:59]} 52. Rxa5 {[%clk 0:08:29]} Nxe4
{[%clk 0:11:20]} 53. Rd5+ {[%clk 0:07:11]} Kc8 {[%clk 0:10:30]} 54. Ne6
{[%clk 0:07:35]} 1-0